Loading...
Literature - American Literature | 0 | 5 | 0 | 2 | 50 | 87 | 134.00 | 0 | 1 |
Literature - European Literature | 0 | 3 | 0 | 0 | 30 | 95 | 113.00 | 1 | 2 |
Literature - British Literature | 0 | 3 | 1 | 1 | 25 | 85 | 120.00 | 1 | 2 |
Science - Physics | 0 | 2 | 0 | 2 | 20 | 123 | 126.50 | 0 | 1 |
Literature - World Literature | 0 | 2 | 0 | 1 | 20 | 113 | 124.50 | 0 | 1 |
Fine Arts - Painting & Sculpture | 0 | 1 | 0 | 1 | 10 | 134 | 134.00 | 0 | 0 |
Mythology | 0 | 0 | 0 | 0 | 0 | 0.00 | 0 | 0 | |
Philosophy | 0 | 0 | 0 | 0 | 0 | 0.00 | 0 | 0 | |
Religion | 0 | 0 | 1 | 0 | -5 | 0.00 | 0 | 0 | |
Science - Other Science | 0 | 0 | 1 | 0 | -5 | 0.00 | 0 | 0 | |
History - Other History | 0 | 0 | 1 | 0 | -5 | 0.00 | 0 | 0 |